Gracie Abrams - Chansons de l'EP This Is What It Feels Like - Statistiques

Statistiques générales
  • Ce quiz a été pris 21 fois
  • Le résultat moyen est 9 sur 12
Statistiques - réponses
Pistes Chansons % Correct
4 Camden
100%
1 Feels Like
91%
10 Augusta
82%
2 Rockland
82%
5 The Bottom
82%
12 Alright
64%
9 Hard to Sleep
64%
11 Painkillers
64%
6 Wishful Thinking
64%
8 Better
55%
3 For Real This Time
55%
7 Older
55%
Aucun quiz correspondant
Distribution des résultats
% des personnes avec chaque résultat
Percentile par nombre de réponses
Votre historique - résultats
Vous n’avez pas pris ce quiz